| 000 | 00666nam a2200193Ii 4500 | ||
|---|---|---|---|
| 003 | JO-AjNU | ||
| 008 | 230605s9999||||xx |||||||||||||| ||und|| | ||
| 040 |
_aJO-AjNU _bara _erda _cJO-AjNU |
||
| 041 | _aara | ||
| 050 | 1 | 4 | _aBH268.S9312.1988 |
| 100 | 3 |
_aالجيوشي،فاطمة, _eauthor _915792 |
|
| 245 | 0 | 0 | _aفلسفة التربية |
| 264 | 3 | 1 | _aدمشق:جامعة دمشق ،1988 |
| 300 |
_a224ص _bجدول المصطلحات من ص 211-ص216 ، جدول الخطأ والصواب ص217-218 |
||
| 336 |
_atext _btxt _2rdacontent |
||
| 337 |
_aunmediated _bn _2rdamedia |
||
| 338 |
_avolume _bnc _2rdacarrier |
||
| 650 | 4 |
_aالتربية-فلسفة _915793 |
|
| 999 |
_aA4542 _c8110 _d8110 |
||